Toutes les communes du Cher sur une carte - Statistiques

Statistiques générales
  • Ce quiz a été pris 174 fois
  • Le résultat moyen est 71 sur 286
Réponses sur la Carte
Les réponses sont colorées sur une échelle allant du rouge au vert en fonction du pourcentage des utilisateurs qui les ont devinées à leur premier essai. Vous pouvez retrouver ces pourcentages ci-dessous.
 
Statistiques - réponses
Commune Population % Correct
Bourges 63 702
99%
Vierzon 25 348
92%
Saint-Amand-Montrond 9 459
83%
Sancerre 1 329
78%
Saint-Doulchard 9 645
75%
Saint-Germain-des-Bois 642
72%
Saint-Germain-du-Puy 4 924
72%
La Chapelle-d'Angillon 611
64%
La Chapelle-Hugon 383
64%
La Chapelle-Montlinard 489
64%
La Chapelle-Saint-Ursin 3 692
64%
Mehun-sur-Yèvre 6 448
64%
Saint-Florent-sur-Cher 6 419
60%
Saint-Martin-d'Auxigny 2 505
58%
Saint-Martin-des-Champs 299
58%
Aubigny-sur-Nère 5 476
54%
Sancoins 2 930
51%
Avord 2 833
49%
Trouy 4 005
49%
Neuvy-Deux-Clochers 267
48%
Neuvy-le-Barrois 142
48%
Neuvy-sur-Barangeon 1 101
48%
Marmagne 1 905
47%
Savigny-en-Sancerre 1 110
46%
Savigny-en-Septaine 734
46%
Fussy 1 938
45%
Menetou-Couture 371
44%
Menetou-Râtel 464
44%
Menetou-Salon 1 614
44%
Vignoux-sous-les-Aix 706
43%
Vignoux-sur-Barangeon 2 095
43%
Les Aix-d'Angillon 1 872
42%
Nançay 787
42%
Saint-Georges-de-Poisieux 439
42%
Saint-Georges-sur-la-Prée 599
42%
Saint-Georges-sur-Moulon 708
42%
Saint-Hilaire-de-Court 596
42%
Saint-Hilaire-de-Gondilly 137
42%
Saint-Hilaire-en-Lignières 488
42%
Dun-sur-Auron 3 572
41%
Foëcy 2 069
41%
La Guerche-sur-l'Aubois 3 162
41%
Berry-Bouy 1 168
40%
Henrichemont 1 706
40%
Plaimpied-Givaudins 2 108
40%
Levet 1 371
39%
Châteauneuf-sur-Cher 1 394
38%
Graçay 1 307
38%
Saint-Michel-de-Volangis 464
38%
Baugy 1 625
37%
Méry-ès-Bois 550
37%
Méry-sur-Cher 705
37%
Quincy 824
37%
Saint-Laurent 510
37%
Sancergues 632
37%
Allogny 1 111
36%
Lignières 1 341
36%
Saint-Pierre-les-Bois 283
36%
Saint-Pierre-les-Étieux 739
36%
Argent-sur-Sauldre 2 057
35%
Saint-Satur 1 403
35%
Morthomiers 790
34%
Nérondes 1 430
34%
Chârost 912
33%
Méreau 2 644
33%
Pigny 981
33%
Allouis 1 079
32%
Bengy-sur-Craon 650
32%
Châteaumeillant 1 703
32%
Le Subdray 979
32%
Culan 771
31%
Preuilly 456
31%
Rians 975
31%
Saint-Denis-de-Palin 282
31%
Saint-Palais 617
31%
Vasselay 1 552
31%
Blet 563
30%
Orval 1 691
30%
Sainte-Solange 1 117
30%
Villeneuve-sur-Cher 406
30%
Vouzeron 587
30%
Bruère-Allichamps 566
29%
Massay 1 348
29%
Saint-Éloy-de-Gy 1 558
29%
Bué 314
28%
Nohant-en-Goût 558
28%
Nohant-en-Graçay 294
28%
Sainte-Thorette 475
28%
Saint-Just 650
28%
Achères 348
27%
Farges-Allichamps 254
27%
Farges-en-Septaine 1 004
27%
Soye-en-Septaine 589
27%
Charenton-du-Cher 1 014
26%
Lury-sur-Arnon 661
26%
Apremont-sur-Allier 68
25%
Brinay 524
25%
Ivoy-le-Pré 781
25%
Jussy-Champagne 205
25%
Jussy-le-Chaudrier 584
25%
Lunery 1 558
25%
Marseilles-lès-Aubigny 649
25%
Ménétréol-sous-Sancerre 302
25%
Ménétréol-sur-Sauldre 199
25%
Mornay-Berry 170
25%
Mornay-sur-Allier 422
25%
Moulins-sur-Yèvre 850
25%
Osmoy 267
25%
Saint-Céols 13
25%
Thénioux 664
25%
Villabon 569
25%
Neuilly-en-Dun 223
24%
Neuilly-en-Sancerre 249
24%
Ourouer-les-Bourdelins 608
24%
Sury-en-Vaux 690
24%
Sury-ès-Bois 290
24%
Sury-près-Léré 655
24%
Azy 450
23%
Belleville-sur-Loire 990
23%
Cuffy 1 019
23%
Jouet-sur-l'Aubois 1 308
23%
Parassy 409
23%
Soulangis 461
23%
Dampierre-en-Crot 200
22%
Flavigny 162
22%
Quantilly 481
22%
Sidiailles 295
22%
Annoix 245
21%
Brinon-sur-Sauldre 972
21%
Dampierre-en-Graçay 244
21%
Étréchy 411
21%
Genouilly 676
21%
Germigny-l'Exempt 291
21%
Gron 462
21%
Lissay-Lochy 227
21%
Meillant 661
21%
Morogues 427
21%
Plou 539
21%
Raymond 174
21%
Torteron 790
21%
Verdigny 314
21%
Ainay-le-Vieil 190
20%
Arçay 487
20%
Beffes 603
20%
Brécy 1 011
20%
Crosses 395
20%
Herry 962
20%
Léré 1 067
20%
Montigny 328
20%
Saint-Léger-le-Petit 345
20%
Senneçay 459
20%
Villequiers 452
20%
Bussy 353
19%
Charly 245
19%
Civray 909
19%
Le Châtelet 929
19%
Presly 235
19%
Saint-Maur 265
19%
Thaumiers 397
19%
Vailly-sur-Sauldre 648
19%
Vorly 248
19%
Couy 370
18%
Crézancy-en-Sancerre 430
18%
Grossouvre 263
18%
Lapan 223
18%
Sainte-Montaine 167
18%
Saint-Loup-des-Chaumes 292
18%
Bannay 843
17%
Blancafort 1 005
17%
Clémont 706
17%
Contres 34
17%
Cours-les-Barres 1 022
17%
Mareuil-sur-Arnon 486
17%
Saint-Aignan-des-Noyers 76
17%
Saint-Outrille 217
17%
Arpheuilles 299
16%
Aubinges 403
16%
Bessais-le-Fromental 296
16%
Boulleret 1 377
16%
Chaumont 47
16%
Chezal-Benoît 782
16%
Cornusse 240
16%
Croisy 144
16%
Ennordres 208
16%
Humbligny 184
16%
Ignol 176
16%
La Celle 337
16%
Le Chautay 266
16%
Le Pondy 151
16%
Lugny-Champagne 138
16%
Préveranges 518
16%
Saint-Caprais 768
16%
Saint-Christophe-le-Chaudry 94
16%
Saint-Priest-la-Marche 246
16%
Saint-Saturnin 435
16%
Uzay-le-Venon 406
16%
Vornay 586
16%
Assigny 146
15%
Chéry 219
15%
Drevant 549
15%
Feux 329
15%
Garigny 220
15%
Jars 502
15%
La Chapelotte 132
15%
Lazenay 288
15%
Osmery 272
15%
Poisieux 215
15%
Précy 350
15%
Saulzais-le-Potier 479
15%
Thauvenay 324
15%
Vallenay 700
15%
Veaugues 618
15%
Argenvières 440
14%
Augy-sur-Aubois 284
14%
Bouzais 296
14%
Cerbois 402
14%
Chalivoy-Milon 391
14%
Charentonnay 289
14%
Colombiers 412
14%
Givardon 301
14%
La Celle-Condé 193
14%
La Perche 192
14%
Loye-sur-Arnon 298
14%
Morlac 293
14%
Sainte-Gemme-en-Sancerrois 406
14%
Saint-Vitte 125
14%
Tendron 88
14%
Vereaux 139
14%
Verneuil 35
14%
Arcomps 274
13%
Bannegon 259
13%
Chassy 235
13%
Corquoy 199
13%
Épineuil-le-Fleuriel 438
13%
Ids-Saint-Roch 278
13%
Jalognes 270
13%
La Groutte 123
13%
Orcenais 245
13%
Parnay 52
13%
Primelles 207
13%
Touchay 228
13%
Chambon 158
12%
Chaumoux-Marcilly 86
12%
Chavannes 154
12%
Faverdines 136
12%
Ineuil 219
12%
La Celette 201
12%
Lantan 94
12%
Montlouis 109
12%
Rezay 202
12%
Sagonne 186
12%
Saint-Bouize 276
12%
Santranges 425
12%
Serruelles 67
12%
Subligny 337
12%
Venesmes 799
12%
Vesdun 547
12%
Vinon 292
12%
Ardenais 201
11%
Barlieu 339
11%
Beddes 104
11%
Concressault 200
11%
Couargues 199
11%
Coust 444
11%
Groises 132
11%
Le Noyer 225
11%
Limeux 168
11%
Marçais 305
11%
Nozières 227
11%
Oizon 667
11%
Saint-Ambroix 373
11%
Saint-Baudel 252
11%
Saint-Jeanvrin 160
11%
Saint-Symphorien 133
11%
Sens-Beaujeu 402
11%
Sévry 59
11%
Vernais 186
11%
Villegenon 213
11%
Crézançay-sur-Cher 63
10%
Maisonnais 232
10%
Reigny 229
10%
Saugy 78
10%
Villecelin 80
10%
Cogny 33
9%
Gardefort 125
9%
Thou 79
9%
Aucun quiz correspondant
Distribution des résultats
% des personnes avec chaque résultat
Percentile par nombre de réponses
Votre historique - résultats
Vous n’avez pas pris ce quiz